000 00327nam a2200133Ia 4500
008 191201s2010 xx 000 0 und d
100 _aJAIN,Rahul
245 0 _aUnconventional manufacturing processes
250 _aRep
260 _aN. delhi
_bS.K.Kataria
_c2010
300 _a172
650 _aM.Tech (ME)
942 _2ddc
_cBK
_01
999 _c5075
_d5075